| 000 | nam a22 7a 4500 | ||
|---|---|---|---|
| 999 |
_c152504 _d152502 |
||
| 005 | 20191206114446.0 | ||
| 008 | 191029b sp ||||| |||| 00| 0 spa d | ||
| 020 | _a9788491482581 | ||
| 050 | 0 | 4 |
_aHV1569.3.W65 _bS47 2017 |
| 100 | 1 | _aSerra, María Laura | |
| 245 | 1 | 0 |
_aMujeres con discapacidad : _bsobre la discriminación y opresión interseccional / _cMaría Laura Serra |
| 260 |
_aMadrid : _bDykinson, _c2017 |
||
| 300 |
_a521 páginas ; _c21 cm |
||
| 490 |
_aDerechos Humanos ; _aFilosofía del derecho |
||
| 504 | _aBibliografía p.485-510 e índice | ||
| 650 | 7 |
_2lemb _aMujeres con discapacidad _xCondiciones sociales |
|
| 942 |
_2lcc _cLIB |
||